000 00471nam a22001697a 4500
005 20250503132745.0
008 250503b |||||||| |||| 00| 0 eng d
020 _a9780340816066
050 _aKD3989
_b.R93
100 _aMark Ryan
245 _aUnlocking constitutional and administrative law
_cMark Ryan
260 _aLondon
_bHodder Arnold
_cc2007
300 _axliv, 691p;
_bill.
500 _aIncludes index
700 _aMark Ryan
_eContributor
942 _2lcc
_cBK
_n0
999 _c5631
_d5631